| 000 | 01142naa a22003017a 4500 | ||
|---|---|---|---|
| 001 | BR8200080 | ||
| 003 | BR-BrBNA | ||
| 005 | 20250721143150.0 | ||
| 007 | ta | ||
| 008 | 250630b bl.|||m| |||| 00| 0 por d | ||
| 040 |
_aBR-BrBNA _bpor _cBiblioteca Nacional de Agricultura |
||
| 041 | _a(Pt) | ||
| 072 |
_aF00 _b0220 _bG514 |
||
| 090 | _aF00 BR8200080 | ||
| 100 | 1 | _aPorto, M.P. | |
| 245 | 1 | _aColheita e armazenamento [Producao vegetal; Armazenamento; Brasil] | |
| 246 | 1 | _a[Harvest and storage [Plant production; Storage; brazil]] | |
| 246 | 1 | _a[Sugar beetroot Beta vulgaris L.] | |
| 500 | _aA cultura da beterraba acucareira Beta vulgaris L. Pelotas, RS (Brasil): 1981. p. 65-72 [9 tables] (BR8200080-AMS) | ||
| 773 | 0 |
_tA cultura da beterraba acucareira Beta vulgaris L. _wF00 BR8200080 _gPelotas, RS (Brasil), 1981. p. 65-72 |
|
| 650 | _aProducao vegetal | ||
| 650 | _aBeterraba acucareira | ||
| 650 | _aArmazenamento | ||
| 650 | _aColheita | ||
| 490 |
_aCircular Tecnica - Unidade de Execucao de Pesquisa de Ambito Estadual de Pelotas (Brazil) _vno. 13 |
||
| 942 |
_cAMS _2AGRIS |
||
| 909 |
_a202506 _bLúcia _c55 _dLúcia Elande |
||
| 999 |
_c334051 _d334051 |
||